MARC

LEADER 00000nam0a2200000 4500
001 357733
005 20231102011025.0
035 |a (RuTPU)RU\TPU\retro\15001 
090 |a 357733 
100 |a 20200810d1978 km y0rusy50 ca 
101 0 |a rus 
102 |a RU 
105 |a a z 001zy 
200 1 |a Геохимические нефтегазопоисковые исследования в Европейской части СССР  |f Всесоюзный научно-исследовательский институт ядерной геофизики и геохимии ; под ред. Г. А. Могилевского 
210 |a Москва  |c Недра  |d 1975 
215 |a 156 с.  |c ил. 
320 |a Библиогр.: с. 153-155 
606 1 |a Нефтегазоносность  |x Геохимические исследования  |2 stltpush  |3 (RuTPU)RU\TPU\subj\45593  |9 64786 
610 1 |a европий 
610 1 |a Европейская часть 
610 1 |a СССР 
610 1 |a нефтяные месторождения 
610 1 |a газовые месторождения 
610 1 |a поиск 
610 1 |a разведка 
610 1 |a геохимические методы 
610 1 |a Балтийская синеклиза 
610 1 |a Русская платформа 
610 1 |a Волго-Уральский бассейн 
675 |a 553.98:550.84  |v 4 
702 1 |a Могилевский  |b Г. А.  |4 340 
712 0 2 |a Всесоюзный научно-исследовательский институт ядерной геофизики и геохимии  |c (Москва)  |c (1961-1986)  |2 stltpush  |3 (RuTPU)RU\TPU\col\7668  |9 24362 
801 1 |a RU  |b 63413507  |c 20200810 
801 2 |a RU  |b 63413507  |c 20210311  |g RCR 
942 |c BK